000 nam a22 7a 4500
999 _c7767
_d7767
008 171006b xxu||||| |||| 00| 0 eng d
100 _94245
_aJain.V.
245 _aSelf Study in Chemistry
260 _aNew Delhi
_bEvergreen
_c2009